000 00588nam a2200229Ia 4500
003 OSt
005 20220924143348.0
006 a|||||r|||| 00| 0
007 ta
008 220923b |||||||| |||| 00| 0 urd d
024 _a307853
037 _cTextual
040 _aARTS
_cARTS
_burd
041 _2urd
_aurd
082 _aDelta73y7wG36, 168H5;K0
100 _aIlahi Mehboob
_9215518
245 0 _aNeami bansari
260 _c1960
650 _aSPIRurdALISM
942 _hDelta73y7wG36, 168H5;K0
_cTEXL
_2CC
999 _c454161
_d454161